000
00283nam a2200121 a 4500
008
101213s1959|||| d
100
1
_a
Fischer, Ján
245
1
0
_a
Dejinu hudby
_n
3
260
_b
Osvetový ústav
_a
Bratislava
_c
1959
020
_c
10
044
_a
xo
_c
SK
041
_a
slo
999
_c
15178
_d
15178